Southville International School and Colleges
Your cart is empty.
  • Cart
  • Lists
    Public lists Eva Luna New books Lux_list list_1
    Your lists Log in to create your own lists
  • Log in to your account
  • Your cookies
  • Search history
Southville International School and Colleges
  • Advanced search
  • Recent comments
  • Most popular
  • Libraries

Log in to your account

Log in with GOOGLE


If you do not have an external account, but do have a local account, you can still log in:

  1. Home
  2. MARC view: AP* English language & composition /
Normal view MARC view ISBD view

AP* English language & composition / (Record no. 367531)

[ view plain ]
MARC details
000 -LEADER
fixed length control field 00871nam a22002297a 4500
003 - CONTROL NUMBER IDENTIFIER
control field 0
005 - DATE AND TIME OF LATEST TRANSACTION
control field 20250820114511.0
008 - FIXED-LENGTH DATA ELEMENTS--GENERAL INFORMATION
fixed length control field 250820b xxu||||| |||| 00| 0 eng d
020 ## - INTERNATIONAL STANDARD BOOK NUMBER
International Standard Book Number 978-1-264-44269-0
050 ## - LIBRARY OF CONGRESS CALL NUMBER
Classification number PE 1112
Item number .M87 2022
100 ## - MAIN ENTRY--PERSONAL NAME
Personal name Murphy, Barbara L.,
Relator term author.
245 ## - TITLE STATEMENT
Title AP* English language & composition /
Statement of responsibility, etc Barbara L. Murphy & Estelle M. Rankin.
260 ## - PUBLICATION, DISTRIBUTION, ETC. (IMPRINT)
Place of publication, distribution, etc New York :
Name of publisher, distributor, etc McGraw Hill,
Date of publication, distribution, etc 2022.
300 ## - PHYSICAL DESCRIPTION
Extent xviii, 265 pages ;
Dimensions 28 cm.
440 ## - SERIES STATEMENT/ADDED ENTRY--TITLE
Title 5 Steps to a 5
650 ## - SUBJECT ADDED ENTRY--TOPICAL TERM
Topical term or geographic name as entry element English language
General subdivision Rhetoric
-- Examinations
-- Study guides.
650 ## - SUBJECT ADDED ENTRY--TOPICAL TERM
Topical term or geographic name as entry element Advanced Placement programs (Education)
General subdivision United States.
650 ## - SUBJECT ADDED ENTRY--TOPICAL TERM
Topical term or geographic name as entry element College entrance achievement tests
General subdivision United States
-- Study guides.
650 ## - SUBJECT ADDED ENTRY--TOPICAL TERM
Topical term or geographic name as entry element Universities and colleges
General subdivision United States
-- Entrance examinations
-- Study guides.
700 ## - ADDED ENTRY--PERSONAL NAME
Personal name Rankin, Estelle M.,
Relator term author.
942 ## - ADDED ENTRY ELEMENTS (KOHA)
Source of classification or shelving scheme Library of Congress Classification
Koha item type Books
Holdings
Withdrawn status Lost status Source of classification or shelving scheme Damaged status Home library Current library Shelving location Date acquired Source of acquisition Sub Shelving location Total Checkouts Full call number Barcode Date last seen Price effective from Koha item type
    Library of Congress Classification   College Library College Library Reserve Section 06/04/2025 Library Fund     PE 1112 .M87 2022 C24663 08/20/2025 08/20/2025 Books

AP* English language & composition /

APA

Murphy B. L., Rankin E. M., . (2022). AP* English language & composition. New York: McGraw Hill.

Chicago

Murphy Barbara L, Rankin Estelle M, . 2022. AP* English language & composition. New York: McGraw Hill.

Harvard

Murphy B. L., Rankin E. M., . (2022). AP* English language & composition. New York: McGraw Hill.

MLA

Murphy Barbara L, Rankin Estelle M, . AP* English language & composition. New York: McGraw Hill. 2022.

  • Place hold
  • Print
  • Cite
  • Add to your cart (remove)
  • Save record
    BIBTEX Dublin Core MARCXML MARC (non-Unicode/MARC-8) MARC (Unicode/UTF-8) MARC (Unicode/UTF-8, Standard) MODS (XML) RIS
  • More searches
    Search for this title in:
    Other Libraries (WorldCat) Other Databases (Google Scholar) Online Stores (Bookfinder.com) Open Library (openlibrary.org)

Exporting to Dublin Core...

SOUTHVILLE LIBRARY

Southville International School and Colleges Library

1281 Tropical Ave. Cor. Luxembourg St., BF Homes International, Las Pinas City

Tel. No. 8256374 / 252358 Loc. 117/146

Powered by Koha